Convenio de Panamá constitutivo del SELA

Na minha lista:
Detalhes bibliográficos
Formato: Texto
Publicado em: s.l.: s.e.
Tags: Adicionar Tag
Sem tags, seja o primeiro a adicionar uma tag!

MARC

LEADER 00000 a a2200000 04500
001 23104
003
040
090 |a 159400  
245 |a Convenio de Panamá constitutivo del SELA  
260 |a s.l.:   |b s.e.  
300 |a 18 p.  
999 |c 12926  |d 12926